=LDR 00000nam 2200000 4500 =001 INLIS000000000013421 =005 20130612104821 =008 ***********************************Ind** =035 ##$$0010-061300000013421 =041 ##$$a Ind =082 ##$$a 028.55 =090 ##$$a 028.55, Jul m =100 ##$$a Julkarnaen,M.Rifqy =245 ##$$a Mukjijat Para Rasul, M.Rifqi Julkarnaen =260 ##$$a 2003 $b Bandung =300 ##$$a 37 hlm, Ilus, 28 cm =650 ##$$a Bacaan Kanak-Kanak =850 ##$$a NBPNMAT